[Event "Baden-Baden op"]
[Site "Baden-Baden"]
[Date "2024.02.11"]
[Round "5"]
[White "Bellahcene, Bilel"]
[Black "Gluma, Christian"]
[Result "1-0"]
[WhiteElo "2516"]
[BlackElo "2219"]
[PlyCount "39"]
[EventDate "2024.02.09"]
[EventType "swiss"]
[EventRounds "9"]
[EventCountry "GER"]
[SourceTitle "CB08_2024"]
[SourceDate "2024.02.21"]
[SourceVersion "1"]
[SourceVersionDate "2024.02.21"]
[SourceQuality "1"]

1. d4 g6 2. e4 Bg7 3. Nc3 c6 4. f4 d5 5. e5 f6 6. Nf3 Nh6 7. h3 e6 8. exf6 Qxf6 9. g4 Qe7 10. Be3 b6 11. Qd2 Nf7 12. 0-0-0 Nd7 13. h4 Nd6 14. Re1 Nf6 15. Qg2 Bd7 16. Ne5 0-0-0 17. Bd3 Be8 18. Kb1 Kb7 19. Bc1 Nd7 20. Nxc6 1-0

[Event "Baden-Baden op"]
[Site "Baden-Baden"]
[Date "2024.02.11"]
[Round "4"]
[White "Gluma, Christian"]
[Black "Dorokhina, Elizaveta"]
[Result "1-0"]
[WhiteElo "2219"]
[BlackElo "1994"]
[PlyCount "71"]
[EventDate "2024.02.09"]
[EventType "swiss"]
[EventRounds "9"]
[EventCountry "GER"]
[SourceTitle "CB08_2024"]
[SourceDate "2024.02.21"]
[SourceVersion "1"]
[SourceVersionDate "2024.02.21"]
[SourceQuality "1"]

1. e4 e6 2. d4 d5 3. Nd2 dxe4 4. Nxe4 Nd7 5. Bd3 Ngf6 6. Qe2 c5 7. Nxf6+ Nxf6 8. dxc5 Bxc5 9. Nf3 0-0 10. Bg5 Be7 11. h4 Qa5+ 12. Kf1 Bd7 13. Ne5 Rad8 14. Rh3 Rfe8 15. Re1 Bc6 16. Rg3 g6 17. h5 Ne4 18. Bxe4 Qxe5 19. hxg6 hxg6 20. Bxc6 Qxe2+ 21. Kxe2 bxc6 22. Be3 Bf6 23. b3 Rd5 24. Rg4 Red8 25. Rc4 c5 26. Rxc5 Rxc5 27. Bxc5 Rc8 28. b4 a5 29. Kd3 axb4 30. Bxb4 Ra8 31. a3 Bb2 32. Ke2 Ra4 33. Be7 Ra7 34. Rb1 Bxa3 35. Bf6 g5 36. Rh1 1-0

[Event "GER-ch U25-A"]
[Site "Willingen"]
[Date "2023.06.01"]
[Round "7"]
[White "Hofmann, Benjamin1111"]
[Black "Gluma, Christian"]
[Result "1/2-1/2"]
[WhiteElo "1700"]
[BlackElo "2161"]
[PlyCount "51"]
[EventDate "2023.05.27"]
[EventType "swiss"]
[EventRounds "9"]
[EventCountry "GER"]
[SourceTitle "CBM 214 Extra"]
[Source "ChessBase"]
[SourceDate "2023.07.31"]
[SourceVersion "1"]
[SourceVersionDate "2023.07.31"]
[SourceQuality "1"]

1. e4 Nf6 2. e5 Nd5 3. d4 d6 4. exd6 cxd6 5. c3 g6 6. Nf3 Bg7 7. g3 0-0 8. Bg2 Nc6 9. 0-0 Nb6 10. a4 a5 11. Na3 Bd7 12. Re1 Re8 13. Qb3 h6 14. Bd2 d5 15. Bf1 Bg4 16. Ne5 Nxe5 17. dxe5 Nc4 18. Bxc4 dxc4 19. Qxc4 Qxd2 20. Qxg4 Qxb2 21. e6 Kh7 22. Nb5 Rf8 23. Rab1 Qa2 24. Ra1 Qb2 25. Rab1 Qa2 26. Ra1 1/2-1/2

[Event "GER-ch U25-A"]
[Site "Willingen"]
[Date "2023.05.29"]
[Round "3"]
[White "Gluma, Christian"]
[Black "Hahn, Peter"]
[Result "1-0"]
[WhiteElo "2161"]
[BlackElo "1814"]
[PlyCount "67"]
[EventDate "2023.05.27"]
[EventType "swiss"]
[EventRounds "9"]
[EventCountry "GER"]
[SourceTitle "CBM 214 Extra"]
[Source "ChessBase"]
[SourceDate "2023.07.31"]
[SourceVersion "1"]
[SourceVersionDate "2023.07.31"]
[SourceQuality "1"]

1. e4 e6 2. d4 d5 3. Nd2 Be7 4. c3 c5 5. Ngf3 Nf6 6. e5 Nfd7 7. a3 0-0 8. Bd3 cxd4 9. cxd4 f6 10. exf6 Nxf6 11. Ne5 Nc6 12. Ndf3 Qa5+ 13. Bd2 Qb6 14. Bc3 Ne4 15. Qb1 Nxe5 16. Nxe5 Rf4 17. g3 Nxc3 18. Bxh7+ Kf8 19. bxc3 Qxb1+ 20. Bxb1 Rf6 21. Ke2 Ke8 22. Bd3 Bd7 23. Rhb1 b6 24. f4 Rc8 25. Rc1 Ba4 26. h4 b5 27. Kd2 Bd6 28. Re1 Kd8 29. Ng4 Ke7 30. Nxf6 Kxf6 31. Bf1 Rc6 32. Re3 Kf7 33. Bh3 Bf8 34. Rae1 1-0

[Event "GER-ch U25-A"]
[Site "Willingen"]
[Date "2023.05.28"]
[Round "2"]
[White "Hoffmann, Kay"]
[Black "Gluma, Christian"]
[Result "1-0"]
[WhiteElo "1805"]
[BlackElo "2161"]
[PlyCount "79"]
[EventDate "2023.05.27"]
[EventType "swiss"]
[EventRounds "9"]
[EventCountry "GER"]
[SourceTitle "CBM 214 Extra"]
[Source "ChessBase"]
[SourceDate "2023.07.31"]
[SourceVersion "1"]
[SourceVersionDate "2023.07.31"]
[SourceQuality "1"]

1. d4 g6 2. c4 Bg7 3. Nc3 d6 4. e4 e5 5. d5 f5 6. exf5 Bxf5 7. Nge2 Nf6 8. Ng3 0-0 9. Bd3 Qd7 10. h4 Na6 11. Be3 Ng4 12. h5 Nxe3 13. fxe3 Bxd3 14. Qxd3 Nc5 15. Qe2 e4 16. Ngxe4 Nxe4 17. Nxe4 Rae8 18. Ng5 Rf5 19. Ne6 c6 20. e4 Re5 21. hxg6 hxg6 22. Rc1 R8xe6 23. dxe6 Qxe6 24. Rh4 Qf6 25. Rg4 Rh5 26. Rc3 Rh1+ 27. Kd2 Qd4+ 28. Kc2 Qg1 29. Rxg6 Kh7 30. Rxg7+ Kxg7 31. Qg4+ Kh6 32. Rh3+ Rxh3 33. Qxh3+ Kg5 34. Qf5+ Kh4 35. Qf4+ Kh5 36. Qf5+ Kh4 37. Qf3 Qc5 38. Qf4+ Kh5 39. Qf5+ Qxf5 40. exf5 1-0

[Event "GER-chT Lands U20"]
[Site "Wiesbaden"]
[Date "2022.10.01"]
[Round "2.3"]
[White "Gluma, Christian"]
[Black "Haenselmann, Hendrik"]
[Result "0-1"]
[WhiteElo "2107"]
[BlackElo "1989"]
[PlyCount "84"]
[EventDate "2022.09.30"]
[EventType "team-swiss"]
[EventRounds "7"]
[EventCountry "GER"]
[SourceTitle "CBM 210 Extra"]
[Source "ChessBase"]
[SourceDate "2022.11.30"]
[SourceVersion "1"]
[SourceVersionDate "2022.11.30"]
[SourceQuality "1"]
[WhiteTeam "Nordrhein Westfalen U20"]
[BlackTeam "Baden U20"]
[WhiteTeamCountry "GER"]
[BlackTeamCountry "GER"]

1. e4 c5 2. Nf3 d6 3. d4 cxd4 4. Nxd4 Nf6 5. Nc3 Nc6 6. Be2 g6 7. Be3 Bg7 8. Qd2 Ng4 9. Bxg4 Bxg4 10. f3 Be6 11. g4 Rc8 12. 0-0 Ne5 13. b3 0-0 14. h3 Qa5 15. Nce2 Qxd2 16. Bxd2 Nc6 17. c3 d5 18. Rac1 dxe4 19. fxe4 Ne5 20. Nf4 Bd7 21. Nd5 Rfe8 22. Bg5 f6 23. Be3 Nd3 24. Rcd1 Nc5 25. Ne2 Nxe4 26. Bxa7 Bc6 27. Nef4 e5 28. Nb6 exf4 29. Nxc8 Rxc8 30. Bd4 Bh6 31. c4 Re8 32. b4 Ng3 33. Rfe1 Ne2+ 34. Kf2 f3 35. b5 Be4 36. Bxf6 Bf4 37. Rd8 Rxd8 38. Bxd8 Bg3+ 39. Kf1 Bxe1 40. Kxe1 Nf4 41. h4 Nh3 42. Bb6 Bd3 0-1

[Event "GER-chT Lands U20"]
[Site "Wiesbaden"]
[Date "2022.10.01"]
[Round "1.3"]
[White "Haubold, Sebastian Marcel"]
[Black "Gluma, Christian"]
[Result "1-0"]
[WhiteElo "2039"]
[BlackElo "2107"]
[PlyCount "65"]
[EventDate "2022.09.30"]
[EventType "team-swiss"]
[EventRounds "7"]
[EventCountry "GER"]
[SourceTitle "CBM 210 Extra"]
[Source "ChessBase"]
[SourceDate "2022.11.30"]
[SourceVersion "1"]
[SourceVersionDate "2022.11.30"]
[SourceQuality "1"]
[WhiteTeam "Sachsen Anhalt U20"]
[BlackTeam "Nordrhein Westfalen U20"]
[WhiteTeamCountry "GER"]
[BlackTeamCountry "GER"]

1. e4 g6 2. d4 Bg7 3. Nf3 c6 4. h3 d5 5. e5 f6 6. c4 e6 7. exf6 Nxf6 8. Nc3 0-0 9. Bd3 Nbd7 10. 0-0 Ne8 11. Qe2 Ndf6 12. c5 b6 13. b4 a5 14. Na4 b5 15. Nb6 Ra7 16. Ne5 Qc7 17. a4 Nd7 18. Nxc8 Qxc8 19. Nxc6 Qxc6 20. axb5 Qc8 21. Qxe6+ Kh8 22. Qxd5 Qa8 23. Qxa8 Rxa8 24. Be3 a4 25. Be4 Rb8 26. Bc6 Rf7 27. Rxa4 Nf8 28. Rfa1 Nc7 29. Ra7 Kg8 30. b6 Nce6 31. Ra8 Bxd4 32. Bxd4 Nxd4 33. Bd5 1-0

[Event "GER-chT U20"]
[Site "Kiel"]
[Date "2022.07.24"]
[Round "4.3"]
[White "Gluma, Christian"]
[Black "Hagenmeyer, Felix"]
[Result "1-0"]
[WhiteElo "2044"]
[BlackElo "1651"]
[PlyCount "83"]
[EventDate "2022.07.22"]
[EventType "team-swiss"]
[EventRounds "7"]
[EventCountry "GER"]
[SourceTitle "CBM 209 Extra"]
[Source "ChessBase"]
[SourceDate "2022.09.30"]
[SourceVersion "1"]
[SourceVersionDate "2022.09.30"]
[SourceQuality "1"]
[WhiteTeam "Bochum"]
[BlackTeam "Heilbronn"]
[WhiteTeamCountry "GER"]
[BlackTeamCountry "GER"]

1. e4 c5 2. Nf3 Nc6 3. d4 cxd4 4. Nxd4 g6 5. c4 Nf6 6. Nc3 d6 7. Be2 Nxd4 8. Qxd4 Bg7 9. Be3 0-0 10. Qd2 Be6 11. Rc1 Qa5 12. f3 Rfc8 13. b3 a6 14. Na4 Qxd2+ 15. Kxd2 Nd7 16. g4 Rab8 17. Nc3 Rc6 18. Nd5 Bxd5 19. exd5 Rc7 20. h4 h6 21. f4 f6 22. Bd3 Kf7 23. h5 g5 24. Bf5 Kg8 25. Rhe1 gxf4 26. Bd4 Kf8 27. Re4 b6 28. Rxf4 Ne5 29. Rff1 Kg8 30. Rc3 b5 31. cxb5 Rxc3 32. Bxc3 Rxb5 33. Be6+ Kh8 34. Bd4 f5 35. Rxf5 Bf6 36. Bxe5 dxe5 37. d6 Rb4 38. d7 Rd4+ 39. Kc2 Rd6 40. Rf1 e4 41. Rd1 e3 42. d8Q+ 1-0

[Event "GER-chT U20"]
[Site "Willingen"]
[Date "2021.06.25"]
[Round "3"]
[White "Gluma, Christian"]
[Black "Bartelt, Max Peter"]
[Result "0-1"]
[WhiteElo "1864"]
[BlackElo "1823"]
[PlyCount "64"]
[EventDate "2021.06.24"]
[EventType "team-swiss"]
[EventRounds "7"]
[EventCountry "GER"]
[SourceTitle "CBM 203 Extra"]
[Source "ChessBase"]
[SourceDate "2021.09.30"]
[SourceVersion "1"]
[SourceVersionDate "2021.09.30"]
[SourceQuality "1"]
[WhiteTeam "Bochum"]
[BlackTeam "Brackel"]
[WhiteTeamCountry "GER"]
[BlackTeamCountry "GER"]

1. e4 e6 2. d4 d5 3. Nd2 Nf6 4. e5 Nfd7 5. c3 c5 6. Bd3 Nc6 7. Ne2 cxd4 8. cxd4 f6 9. exf6 Nxf6 10. 0-0 Bd6 11. Nf3 0-0 12. Ng3 Qc7 13. Re1 Bd7 14. Bg5 Rae8 15. Rc1 Bf4 16. Bxf6 gxf6 17. Nh5 Bh6 18. Nh4 e5 19. Bf5 Bxf5 20. Rxc6 bxc6 21. Nxf5 Bg5 22. h4 Bf4 23. g3 Qd7 24. Qg4+ Kh8 25. gxf4 Rg8 26. Nhg7 Re7 27. Qh5 Rexg7+ 28. Nxg7 Qxg7+ 29. Kf1 Qg2+ 30. Ke2 Qe4+ 31. Kf1 Qd3+ 32. Qe2 Qh3# 0-1

[Event "GER-chT U20"]
[Site "Willingen"]
[Date "2021.06.24"]
[Round "1"]
[White "Gluma, Christian"]
[Black "Habersetzer, Elyse"]
[Result "1-0"]
[WhiteElo "1864"]
[BlackElo "1602"]
[PlyCount "55"]
[EventDate "2021.06.24"]
[EventType "team-swiss"]
[EventRounds "7"]
[EventCountry "GER"]
[SourceTitle "CBM 203 Extra"]
[Source "ChessBase"]
[SourceDate "2021.09.30"]
[SourceVersion "1"]
[SourceVersionDate "2021.09.30"]
[SourceQuality "1"]
[WhiteTeam "Bochum"]
[BlackTeam "Muenster"]
[WhiteTeamCountry "GER"]
[BlackTeamCountry "GER"]

1. e4 e6 2. d4 d5 3. e5 c5 4. c3 Nc6 5. Nf3 Qb6 6. Be2 Nge7 7. dxc5 Qxc5 8. Be3 Qa5 9. 0-0 Ng6 10. Bd4 a6 11. Nbd2 Qc7 12. Re1 Bd7 13. Bd3 Be7 14. Nf1 0-0 15. Rc1 Rfc8 16. Qd2 b5 17. a3 Na5 18. Rcd1 Nc4 19. Qc1 a5 20. b4 axb4 21. axb4 Ra2 22. Ne3 Ncxe5 23. Nxe5 Nxe5 24. Bxh7+ Kh8 25. Nxd5 exd5 26. Bxe5 Bd6 27. Bb1 Raa8 28. Qh6+ 1-0

[Event "GER-chT Christmas U16 Lasker"]
[Site "Playchess.com INT"]
[Date "2020.12.28"]
[Round "6.3"]
[White "Hoffmann, Tom"]
[Black "Gluma, Christian"]
[Result "1-0"]
[WhiteElo "1296"]
[BlackElo "1864"]
[PlyCount "75"]
[EventDate "2020.12.28"]
[EventType "team-swiss (blitz)"]
[EventRounds "7"]
[EventCountry "GER"]
[SourceTitle "CBM 200 Extra"]
[Source "ChessBase"]
[SourceDate "2021.03.31"]
[SourceVersion "1"]
[SourceVersionDate "2021.03.31"]
[SourceQuality "1"]
[WhiteTeam "Kastellaun"]
[BlackTeam "Bochum SG"]
[WhiteTeamCountry "GER"]
[BlackTeamCountry "GER"]

1. Nf3 g6 2. g3 Bg7 3. d4 Nf6 4. Bg2 0-0 5. 0-0 d5 6. c4 c6 7. Nbd2 Bg4 8. b3 Nbd7 9. Bb2 Nb6 10. Ne5 Be6 11. c5 Nbd7 12. Nd3 Bf5 13. Nf3 Ne4 14. Nh4 e6 15. Nxf5 exf5 16. Rc1 Re8 17. e3 Qa5 18. a4 Re7 19. b4 Qc7 20. b5 a6 21. b6 Qd8 22. Re1 Qe8 23. a5 Rd8 24. Qb3 Re6 25. Nf4 Re7 26. Ba3 Ndf6 27. Bb4 Qd7 28. Ba3 Rde8 29. Bb4 Bh6 30. f3 Ng5 31. Bd2 Ne6 32. Nh3 Ng5 33. Nf2 Qe6 34. h4 Nge4 35. fxe4 fxe4 36. Bh3 Ng4 37. Nxg4 f5 38. Nxh6+ 1-0

[Event "Dortmund Sparkassen op 47th"]
[Site "Dortmund"]
[Date "2019.07.21"]
[Round "9"]
[White "Stock, Tobias W"]
[Black "Gluma, Christian"]
[Result "1/2-1/2"]
[WhiteElo "2001"]
[BlackElo "1876"]
[PlyCount "53"]
[EventDate "2019.07.13"]
[EventType "swiss"]
[EventRounds "9"]
[EventCountry "GER"]
[SourceTitle "EXT 2020"]
[Source "ChessBase"]
[SourceDate "2019.10.17"]
[SourceVersion "1"]
[SourceVersionDate "2019.10.17"]
[SourceQuality "1"]

1. d4 g6 2. c4 Bg7 3. e4 d6 4. Ne2 e5 5. Be3 exd4 6. Bxd4 Nf6 7. Nbc3 Nc6 8. Be3 0-0 9. f3 Ne5 10. Nf4 Be6 11. Nxe6 fxe6 12. Qd2 Nfd7 13. Be2 Nb6 14. b3 Qh4+ 15. Bf2 Qf6 16. Rc1 Ng4 17. Bg3 Bh6 18. f4 Ne5 19. 0-0 Nc6 20. Qd3 Qd4+ 21. Qxd4 Nxd4 22. Rcd1 Nxe2+ 23. Nxe2 Rf7 24. Rf3 Raf8 25. Nd4 Re8 26. Rfd3 Nd7 27. b4 1/2-1/2

[Event "Dortmund Sparkassen op 47th"]
[Site "Dortmund"]
[Date "2019.07.19"]
[Round "7"]
[White "Gluma, Christian"]
[Black "Beckmann, David"]
[Result "0-1"]
[WhiteElo "1876"]
[BlackElo "2016"]
[PlyCount "92"]
[EventDate "2019.07.13"]
[EventType "swiss"]
[EventRounds "9"]
[EventCountry "GER"]
[SourceTitle "EXT 2020"]
[Source "ChessBase"]
[SourceDate "2019.10.17"]
[SourceVersion "1"]
[SourceVersionDate "2019.10.17"]
[SourceQuality "1"]

1. e4 e6 2. d4 d5 3. Nd2 c5 4. exd5 exd5 5. Ngf3 Nf6 6. Bb5+ Bd7 7. Bxd7+ Nbxd7 8. 0-0 Be7 9. dxc5 Nxc5 10. Nb3 0-0 11. Be3 Nxb3 12. axb3 a6 13. Qd3 Qc7 14. Bd4 Rfe8 15. c3 Ne4 16. Rfe1 Rad8 17. Rad1 Bd6 18. Be3 Bf4 19. Bxf4 Qxf4 20. Qe3 Qb8 21. Qd4 h6 22. Nd2 Nf6 23. Nf1 b5 24. Rxe8+ Rxe8 25. Ne3 Re4 26. Qc5 Qe8 27. h3 Qe6 28. Nxd5 Re1+ 29. Rxe1 Qxe1+ 30. Kh2 Qe5+ 31. g3 Qxd5 32. Qc8+ Kh7 33. Qxa6 Qxb3 34. Qa1 Qc2 35. Kg1 Ne4 36. Qe1 f5 37. g4 Ng5 38. Kg2 fxg4 39. hxg4 Qd3 40. Qe3 Qxe3 41. fxe3 Kg6 42. Kg3 Kf6 43. Kf4 Nf7 44. e4 g5+ 45. Kf3 Ke5 46. b3 Nd6 0-1

[Event "Ruhrgebiet Verbandsklasse Gruppe 2 1819"]
[Site "Nordrheinwestfalen"]
[Date "2019.03.10"]
[Round "7.3"]
[White "Praemassing, Rainer"]
[Black "Gluma, Christian"]
[Result "0-1"]
[WhiteElo "1834"]
[BlackElo "1836"]
[PlyCount "60"]
[EventDate "2018.09.23"]
[EventType "team-tourn"]
[EventRounds "9"]
[EventCountry "GER"]
[SourceTitle "EXT 2022"]
[Source "ChessBase"]
[SourceDate "2021.10.06"]
[SourceVersion "1"]
[SourceVersionDate "2021.10.06"]
[SourceQuality "1"]
[WhiteTeam "Kupferdreh Germania"]
[BlackTeam "Bochum SG IV"]
[WhiteTeamCountry "GER"]
[BlackTeamCountry "GER"]

1. e4 e6 2. d4 d5 3. Nc3 Bb4 4. e5 c5 5. a3 Bxc3+ 6. bxc3 Ne7 7. Qg4 Ng6 8. h4 h5 9. Qg3 Nc6 10. Bd3 Nce7 11. Nf3 c4 12. Bxg6 Nxg6 13. Ng5 Ne7 14. Qf4 Nf5 15. 0-0 Bd7 16. f3 Qe7 17. a4 f6 18. exf6 gxf6 19. Nh3 Rg8 20. Re1 Qg7 21. Re2 Ng3 22. Rf2 e5 23. dxe5 fxe5 24. Qg5 Qh8 25. Qd2 Bxh3 26. Qxd5 Rd8 27. Qb5+ Bd7 28. Qxb7 e4 29. Bd2 Qf6 30. Be1 Qxh4 0-1